000 01552cam a2200409 i 4500
001 30501
003 Mx-PuUPA
005 20251007103544.0
008 140415s1974 sp ao gr 000 0 spa d
017 _aB. 40.481 - 1974
020 _a8473640063
040 _cMx-PuUPA
_aMx-PuUPA
_bspa
_dMx-PuUPA
_erda
041 1 _aspa
_heng
043 _an-us---
100 1 _aBernstein, Carl,
_d1944-
_917542
_eautor
240 1 0 _aAll the president's men.
_lEspañol
245 1 3 _aEl escándalo Watergate /
_cC. Bernstein / B. Woodward ; versión española de Joaquín Adsuar Ortega
250 _a3a edición /
_bseptiembre
264 1 _aBarcelona :
_bEditorial Euros,
_c1974
300 _a373 páginas, 16 páginas (sin numerar) :
_bilustraciones, fotografías (en blanco y negro) ;
_c22 cm
336 _2rdacontent
_atexto
_btxt
336 _2rdacontent
_aimagen fija
_bsti
337 _2rdamedia
_asin medio
_bn
338 _2rdacarrier
_avolumen
_bnc
490 0 _aColección Hora Cero
600 1 4 _aBernstein, Carl,
_d1944
_917542
650 7 _2armarc
_aCaso Watergate,
_y1972-1974
650 7 _2armarc
_aCorrupción política
_zEstados Unidos
651 4 _aEstados Unidos
_xPolítica y gobierno
_y1974-1977
700 1 _aWoodward, B.,
_eautor
700 1 _aAdsuar Ortega, Joaquín,
_etraductor
765 0 _aBernstein, Carl, 1944-
_tAll the president's men.
942 _2ddc
_cLI
_h364.1320973
_iB4818
999 _c30501
_d30501